[Event "Saint Louis Masters 2026"]
[Site "Saint Louis USA"]
[Date "2026.02.26"]
[Round "3.16"]
[White "Putnam, Liam"]
[Black "Bok, Benjamin"]
[Result "1-0"]
[WhiteTitle "IM"]
[BlackTitle "GM"]
[WhiteElo "2485"]
[BlackElo "2592"]
[WhiteFideId "30938279"]
[BlackFideId "1017063"]
[EventDate "2026.02.25"]

1. e4 c5 2. Nf3 d6 3. d4 cxd4 4. Nxd4 Nf6 5. Nc3 a6 6. Bg5 e6 7. f4 h6 8. Bh4
Qb6 9. a3 Nbd7 10. Bf2 Qc7 11. Qf3 b5 12. O-O-O Rb8 13. g4 b4 14. axb4 Rxb4 15.
h4 e5 16. Bh3 exd4 17. Bxd4 Nb6 18. e5 Rxd4 19. Rxd4 Bb7 20. Qe2 dxe5 21. fxe5
Nfd5 22. e6 Be7 23. exf7+ Kxf7 24. Rf1+ Bf6 25. g5 hxg5 26. Be6+ Kg6 27. Qd3+
Kh6 28. Bxd5 gxh4 29. Rxf6+ gxf6 30. Rg4 1-0

[Event "Saint Louis Masters 2026"]
[Site "Saint Louis USA"]
[Date "2026.02.26"]
[Round "3.17"]
[White "Fier, Alexandr"]
[Black "Raja, Harshit"]
[Result "1/2-1/2"]
[WhiteTitle "GM"]
[BlackTitle "GM"]
[WhiteElo "2572"]
[BlackElo "2472"]
[WhiteFideId "2107139"]
[BlackFideId "5089000"]
[EventDate "2026.02.25"]

1. e4 c5 2. Nf3 d6 3. d4 cxd4 4. Nxd4 Nf6 5. Nc3 a6 6. f3 e5 7. Nb3 Be6 8. Be3
h5 9. Qd2 Nbd7 10. Nd5 Bxd5 11. exd5 g6 12. Be2 Bg7 13. Na5 Qc7 14. c4 O-O 15.
O-O b6 16. Nc6 a5 17. g4 Nb8 18. g5 Nfd7 19. Bd3 Nxc6 20. dxc6 Nc5 21. Bxc5 dxc5
22. Be4 Rad8 23. Qg2 1/2-1/2

[Event "Saint Louis Masters 2026"]
[Site "Saint Louis USA"]
[Date "2026.02.26"]
[Round "3.18"]
[White "Shlyakhtenko, Robert"]
[Black "Can, Isik"]
[Result "1/2-1/2"]
[WhiteTitle "IM"]
[BlackTitle "GM"]
[WhiteElo "2453"]
[BlackElo "2562"]
[WhiteFideId "30936934"]
[BlackFideId "6383742"]
[EventDate "2026.02.25"]

1. d4 d5 2. c4 e6 3. Nc3 c6 4. e3 Nf6 5. Nf3 a6 6. b3 Bb4 7. Bd2 Nbd7 8. g3 b6
9. Bg2 Qe7 10. O-O Bb7 11. Ne1 O-O 12. Nd3 Bd6 13. Rc1 c5 14. dxc5 bxc5 15. Na4
Ne4 16. Qe2 Bc6 17. Rfd1 Bxa4 18. bxa4 Nb6 19. Ba5 Nxc4 20. Rxc4 dxc4 21. Bxe4
cxd3 22. Qxd3 Bc7 23. Bxa8 Rxa8 24. Bxc7 Qxc7 25. Qd6 Qa5 26. Qc6 Rb8 27. Rd7 h6
28. Rc7 Qd2 29. Qf3 Rf8 30. Rxc5 Qxa2 31. Qf4 Qb1+ 32. Kg2 Qb7+ 33. Qf3 Qb4 34.
Qc6 Rd8 35. Rc4 Qa5 36. Rc5 Qb4 37. Rc4 Qa5 38. Rc5 1/2-1/2

[Event "Saint Louis Masters 2026"]
[Site "Saint Louis USA"]
[Date "2026.02.26"]
[Round "3.19"]
[White "Atanasov, Anthony"]
[Black "Tiglon, Bryce"]
[Result "1-0"]
[WhiteTitle "IM"]
[BlackTitle "GM"]
[WhiteElo "2441"]
[BlackElo "2550"]
[WhiteFideId "2623897"]
[BlackFideId "2087456"]
[EventDate "2026.02.25"]

1. e4 e6 2. d4 d5 3. Nc3 Nf6 4. Bd3 c5 5. Nf3 cxd4 6. Nxd4 e5 7. Nf3 d4 8. Nd5
Nxd5 9. exd5 Qxd5 10. O-O Be7 11. Re1 Nd7 12. Bf5 f6 13. c3 Nc5 14. Bxc8 Rxc8
15. cxd4 exd4 16. Be3 d3 17. Bxc5 Rxc5 18. Re3 d2 19. Nxd2 Rc7 20. Qe2 Kf7 21.
Re1 Bb4 22. Rd3 Qf5 23. Ne4 Rhc8 24. Rd4 Be7 25. Ng3 Qc5 26. Qe6+ Kf8 27. Nf5
Qc6 28. Qb3 Qc5 29. Qe6 Qc6 30. Qb3 Qc5 31. Nh6 gxh6 32. Rg4 Qg5 33. Rxg5 hxg5
34. g3 Rc1 35. Rxc1 Rxc1+ 36. Kg2 Rc7 37. Qa4 b6 38. h4 Kg7 39. Qe4 gxh4 40.
Qg4+ Kh8 41. Qxh4 Rd7 42. Qe4 Rc7 43. Qf4 Rd7 44. a3 Rb7 45. Qc4 Bf8 46. Qe6 Kg7
47. Qg4+ Kh8 48. Qc8 Rf7 49. Kh3 f5 50. Qe6 Kg7 51. Kh4 Be7+ 52. Kh5 Bc5 53.
Qe5+ Kg8 54. Qb8+ Kg7 55. b4 Bf8 56. Qe5+ Kg8 57. Qe6 Kg7 58. Qh6+ Kg8 59. Qg5+
Bg7 60. Qd8+ Rf8 61. Qd5+ Rf7 62. Kg5 Bb2 63. Qb3 Be5 64. Kh6 Bg7+ 65. Kh5 Bd4
66. Qc2 Kg7 67. Qd2 Bf6 68. Qf4 Bb2 69. a4 Bc3 70. g4 Ba1 71. Qc1 Bf6 72. g5 Be5
73. Qe3 Ba1 74. f4 Bb2 75. Qb3 Ba1 76. Qd1 Bc3 77. Qd3 Ba1 78. Qd2 Kg8 79. Qa2 1-0

[Event "Saint Louis Masters 2026"]
[Site "Saint Louis USA"]
[Date "2026.02.26"]
[Round "3.20"]
[White "Park, Evan"]
[Black "Kadric, Denis"]
[Result "1/2-1/2"]
[WhiteTitle "IM"]
[BlackTitle "GM"]
[WhiteElo "2419"]
[BlackElo "2540"]
[WhiteFideId "30931142"]
[BlackFideId "14403803"]
[EventDate "2026.02.25"]

1. e4 e5 2. Nf3 Nc6 3. Bb5 a6 4. Ba4 d6 5. c3 Bd7 6. d4 g6 7. O-O Bg7 8. h3 Nf6
9. Re1 O-O 10. Bc2 Re8 11. d5 Ne7 12. a4 b5 13. b3 c6 14. c4 cxd5 15. cxd5 Qc7
16. Ra2 Rec8 17. Bd3 Qb7 18. Ba3 Ne8 19. Rae2 Bh6 20. Rc2 bxa4 21. Rxc8 Nxc8 22.
bxa4 Qc7 23. Nfd2 Qa5 24. Nc4 Qxa4 25. Qxa4 Bxa4 26. Nc3 Bb5 27. Rb1 Nc7 28. Bf1
Bf8 1/2-1/2

[Event "Saint Louis Masters 2026"]
[Site "Saint Louis USA"]
[Date "2026.02.26"]
[Round "3.21"]
[White "Pyrih, Roman"]
[Black "Matviishen, Viktor"]
[Result "1/2-1/2"]
[WhiteTitle "IM"]
[BlackTitle "GM"]
[WhiteElo "2403"]
[BlackElo "2533"]
[WhiteFideId "14179156"]
[BlackFideId "14129850"]
[EventDate "2026.02.25"]

1. e4 c5 2. Nf3 d6 3. d4 cxd4 4. Nxd4 Nf6 5. Nc3 a6 6. Be2 e5 7. Nb3 Be7 8. Qd3
Nc6 9. Nd5 Nxd5 10. exd5 Nb8 11. O-O O-O 12. a4 a5 13. Bd2 Bg5 14. Bxg5 Qxg5 15.
Nd2 Na6 16. Qe3 Qxe3 17. fxe3 Nb4 18. Nc4 Nxd5 19. Bf3 e4 20. Bxe4 Nf6 21. Nxd6
Nxe4 22. Nxe4 Bd7 23. Nc5 Bc6 24. Nb3 Rfe8 25. Rfe1 Be4 26. Nd4 Rac8 27. c3 h5
28. Nb5 Rcd8 29. Rad1 Rxd1 30. Rxd1 Bc2 31. Re1 b6 32. Ra1 Rxe3 33. Nd4 Bg6 34.
Kf2 Re8 35. Re1 Rc8 36. Re7 Rc4 37. Re8+ Kh7 38. Rb8 Rxa4 39. Rxb6 Ra1 40. Ne2
a4 41. c4 Bd3 42. c5 a3 43. Rb3 axb2 44. Rxb2 Ra5 45. Nf4 Bf5 46. Nxh5 Rxc5 1/2-1/2

[Event "Saint Louis Masters 2026"]
[Site "Saint Louis USA"]
[Date "2026.02.26"]
[Round "3.22"]
[White "Rosen, Eric"]
[Black "Mardov, Dimitar"]
[Result "1/2-1/2"]
[WhiteTitle "IM"]
[BlackTitle "IM"]
[WhiteElo "2377"]
[BlackElo "2504"]
[WhiteFideId "2032562"]
[BlackFideId "30919495"]
[EventDate "2026.02.25"]

1. e4 e5 2. Nf3 Nc6 3. Nc3 Nf6 4. d4 exd4 5. Nxd4 Bb4 6. Nxc6 bxc6 7. Bd3 O-O 8.
O-O Qe7 9. Bg5 Qe6 10. Qf3 Bd6 11. Qe2 h6 12. Bh4 Bf4 13. g3 Be5 14. f4 Bd4+ 15.
Kh1 d6 16. e5 Bxc3 17. bxc3 Qd5+ 18. Qf3 Bg4 19. Qxd5 Nxd5 20. c4 Ne3 21. Rfe1
Nf5 22. Bxf5 Bxf5 23. Be7 Rfe8 24. exd6 cxd6 25. Bxd6 Bxc2 26. Kg2 Bd3 27. c5
Bc4 28. a3 a5 29. Kf2 f6 30. Rxe8+ Rxe8 31. Re1 1/2-1/2

[Event "Saint Louis Masters 2026"]
[Site "Saint Louis USA"]
[Date "2026.02.26"]
[Round "3.23"]
[White "Gueci, Tea"]
[Black "Celik, Hasan Huseyin"]
[Result "0-1"]
[WhiteTitle "WIM"]
[BlackTitle "IM"]
[WhiteElo "2138"]
[BlackElo "2495"]
[WhiteFideId "872342"]
[BlackFideId "44506759"]
[EventDate "2026.02.25"]

1. e4 c5 2. Nf3 e6 3. d3 Nc6 4. g3 Be7 5. Bg2 d6 6. O-O Nf6 7. c3 O-O 8. Re1 Bd7
9. a4 a6 10. Nbd2 Qc7 11. Nf1 Rfd8 12. Bd2 Be8 13. Ne3 Rac8 14. Qb1 Ne5 15. d4
cxd4 16. cxd4 Neg4 17. Nxg4 Nxg4 18. Bc3 Nf6 19. Nd2 Qb6 20. Qd3 d5 21. e5 Nd7
22. a5 Qa7 23. f4 Nc5 24. Qe3 Na4 25. g4 b5 26. axb6 Qxb6 27. f5 exf5 28. gxf5
f6 29. Nf3 Nxc3 30. bxc3 a5 31. exf6 Bxf6 32. Ne5 a4 33. Ng4 Bh4 34. Reb1 Qc7
35. Qe6+ Bf7 36. Qe3 Qxc3 37. Qxc3 Rxc3 38. Rxa4 Rc4 39. Rba1 Bg5 40. Ra8 Rc1+
41. Rxc1 Rxa8 42. Rc7 Ra1+ 43. Kf2 Bh4+ 44. Ke3 Ra3+ 45. Kf4 h6 46. f6 Bxf6 47.
Nxf6+ gxf6 48. Kf5 Ra2 49. Bf3 Rf2 50. Kg4 Rxh2 51. Kg3 Rd2 52. Rc8+ Kg7 53. Rc7
Kg6 54. Bh5+ Kxh5 55. Rxf7 Kg6 0-1

[Event "Saint Louis Masters 2026"]
[Site "Saint Louis USA"]
[Date "2026.02.26"]
[Round "3.24"]
[White "Cordova, Emilio"]
[Black "Wang, Tianqi"]
[Result "1-0"]
[WhiteTitle "GM"]
[BlackTitle "IM"]
[WhiteElo "2494"]
[BlackElo "2331"]
[WhiteFideId "3801497"]
[BlackFideId "2063824"]
[EventDate "2026.02.25"]

1. c4 e6 2. g3 Nf6 3. Bg2 d5 4. d4 c6 5. Nf3 Be7 6. O-O O-O 7. Nc3 a5 8. Re1
Nbd7 9. e4 dxc4 10. a4 b6 11. h4 Re8 12. e5 Nd5 13. Ng5 Bxg5 14. hxg5 Nxc3 15.
bxc3 Ra7 16. Bxc6 Bb7 17. Bb5 Ba8 18. Qh5 Qc8 19. f3 Bc6 20. Rb1 Nf8 21. Ba3 Ng6
22. Kf2 f5 23. gxf6 Rf7 24. Rh1 gxf6 25. exf6 Rd8 26. Bxc6 Qxc6 27. Qb5 Qc8 28.
Qxb6 e5 29. g4 exd4 30. cxd4 Qd7 31. Bc5 Nf4 32. Be7 Rxe7 33. fxe7 Qxe7 34. Qb7
Nd3+ 35. Kf1 Rd7 36. Qc6 Nb4 37. Qxc4+ Nd5 38. Rh5 Qe6 39. Qc8+ Kg7 40. Rg5+ 1-0

[Event "Saint Louis Masters 2026"]
[Site "Saint Louis USA"]
[Date "2026.02.26"]
[Round "3.25"]
[White "Harsha, Bharathakoti"]
[Black "Apaar Saxena"]
[Result "1-0"]
[WhiteTitle "GM"]
[BlackTitle "FM"]
[WhiteElo "2538"]
[BlackElo "2263"]
[WhiteFideId "5078776"]
[BlackFideId "25937219"]
[EventDate "2026.02.25"]

1. Nf3 d5 2. e3 Nf6 3. b3 Bf5 4. Ba3 Nbd7 5. c4 e6 6. Bxf8 Nxf8 7. Nc3 c6 8. Be2
N8d7 9. cxd5 cxd5 10. O-O O-O 11. Nd4 Bg6 12. f4 e5 13. fxe5 Nxe5 14. Qe1 Nc6
15. Qh4 Ne4 16. Qxd8 Rfxd8 17. Nxc6 bxc6 18. Nxe4 dxe4 19. Rfd1 a5 20. Rac1 Rd6
21. Rc5 f6 22. Kf2 Bf7 23. Bc4 a4 24. b4 a3 25. Ke2 Rb8 26. Rb1 Rbd8 27. Rd1 Rb8
28. Bxf7+ Kxf7 29. Rc4 f5 30. d4 exd3+ 31. Rxd3 Rxd3 32. Kxd3 Ke7 33. Rd4 Ke6
34. Kc3 Rb5 35. Kc4 Re5 36. Rd3 f4 37. exf4 Re2 38. Rxa3 Rxg2 39. Kc5 Rc2+ 40.
Kb6 Rb2 41. Re3+ Kf5 42. a3 Kxf4 43. Rh3 Rc2 44. Rxh7 g5 45. a4 Rc4 46. b5 cxb5
47. axb5 Rc2 48. Ka7 Ra2+ 49. Kb7 Ke5 50. Rh6 g4 51. b6 Rf2 52. Ka7 Ra2+ 53. Kb8
Kd5 54. b7 Rb2 55. Ka7 Ra2+ 56. Ra6 1-0

[Event "Saint Louis Masters 2026"]
[Site "Saint Louis USA"]
[Date "2026.02.26"]
[Round "3.26"]
[White "Kiolbasa, Oliwia"]
[Black "Chasin, Nico"]
[Result "0-1"]
[WhiteTitle "IM"]
[BlackTitle "IM"]
[WhiteElo "2397"]
[BlackElo "2520"]
[WhiteFideId "1154613"]
[BlackFideId "30908477"]
[EventDate "2026.02.25"]

1. e4 e6 2. d4 d5 3. exd5 exd5 4. Nf3 Nc6 5. Bd3 Bg4 6. c3 Bd6 7. O-O Nge7 8. a4
Qd7 9. Na3 a6 10. Nc2 f6 11. c4 dxc4 12. Bxc4 O-O-O 13. b4 Nxb4 14. Nxb4 Bxb4
15. Qb3 Qd6 16. a5 Nc6 17. Rb1 Bf5 18. d5 Bxb1 19. dxc6 Be4 20. Ba3 Qxc6 21.
Bxb4 Bxf3 22. gxf3 Rd4 23. Rc1 Kb8 24. Ba3 Rhd8 25. Bf1 Qd5 26. Qc3 Qg5+ 27. Kh1
Qf4 28. Qb3 Qf5 29. Rc5 Qg6 30. Rc1 Qg5 31. Rc5 Qd2 32. Qf7 R4d7 33. Qb3 Qxf2
34. Rc1 Rd2 0-1

[Event "Saint Louis Masters 2026"]
[Site "Saint Louis USA"]
[Date "2026.02.26"]
[Round "3.27"]
[White "Abrahamyan, Tatev"]
[Black "Munkhdalai, Amilal"]
[Result "0-1"]
[WhiteTitle "IM"]
[BlackTitle "IM"]
[WhiteElo "2378"]
[BlackElo "2455"]
[WhiteFideId "13301918"]
[BlackFideId "4903250"]
[EventDate "2026.02.25"]

1. e4 c5 2. Nf3 d6 3. d4 cxd4 4. Nxd4 Nf6 5. Nc3 a6 6. Be3 e6 7. f3 b5 8. Qd2
Bb7 9. g4 Be7 10. g5 Nfd7 11. O-O-O Nc6 12. Kb1 O-O 13. h4 Nde5 14. Nxc6 Bxc6
15. f4 Nd7 16. Bd3 Nc5 17. h5 Nxd3 18. Qxd3 Qc7 19. h6 g6 20. f5 gxf5 21. Rhg1
b4 22. Nd5 Bxd5 23. exd5 Rac8 24. dxe6 fxe6 25. g6 Qc4 26. gxh7+ Kh8 27. Bd4+ e5
28. Qg3 Bf6 29. Bf2 Qxc2+ 30. Ka1 f4 31. Qg2 Kxh7 32. Rb1 Rg8 33. Qh3 Rxg1 34.
Bxg1 Rg8 35. Qd7+ Kh8 36. Qxd6 Qf5 37. Bc5 f3 38. h7 Rd8 39. Qb6 e4 40. Be3 Qe5
41. Qxb4 Rb8 42. Qd2 Bg7 43. Bf4 Qxb2+ 44. Rxb2 Bxb2+ 0-1

[Event "Saint Louis Masters 2026"]
[Site "Saint Louis USA"]
[Date "2026.02.26"]
[Round "3.28"]
[White "Kuru, Atilla"]
[Black "Cervantes Landeiro, Thalia"]
[Result "1-0"]
[WhiteTitle "IM"]
[BlackTitle "FM"]
[WhiteElo "2450"]
[BlackElo "2247"]
[WhiteFideId "51607948"]
[BlackFideId "3520498"]
[EventDate "2026.02.25"]

1. e4 c5 2. Nf3 Nc6 3. Bb5 g6 4. O-O Bg7 5. Re1 e5 6. b4 cxb4 7. a3 Nge7 8. axb4
O-O 9. Bb2 d6 10. Bxc6 Nxc6 11. b5 Nd4 12. Nxd4 exd4 13. Ra4 Qb6 14. Na3 Bd7 15.
Qa1 a6 16. Rxd4 axb5 17. Rd3 Bxb2 18. Qxb2 Qc5 19. Nb1 Be6 20. Nc3 Rfc8 21. h4
Qe5 22. Rb1 Rc5 23. Qb4 Rac8 24. g3 d5 25. exd5 Bxd5 26. Re3 Qf5 27. Rbe1 Be6
28. Ne4 Rxc2 29. Nd6 Qc5 30. Qf4 Rc4 31. Nxc4 bxc4 32. Re5 Qc6 33. h5 Bh3 34. f3
Qb6+ 35. Kh2 Be6 36. R1e2 Qd8 37. h6 Qf8 38. g4 b5 39. g5 b4 40. Qf6 c3 41. dxc3
bxc3 42. Rc2 Rc4 43. Kg2 Rc8 44. Re3 Bf5 45. Rcxc3 Rb8 46. Rc7 1-0

[Event "Saint Louis Masters 2026"]
[Site "Saint Louis USA"]
[Date "2026.02.26"]
[Round "3.29"]
[White "Adewumi, Tanitoluwa"]
[Black "Lu, Maximillian"]
[Result "1-0"]
[WhiteTitle "IM"]
[BlackTitle "IM"]
[WhiteElo "2433"]
[BlackElo "2424"]
[WhiteFideId "30966396"]
[BlackFideId "2096242"]
[EventDate "2026.02.25"]

1. Nf3 Nf6 2. d4 e6 3. c4 b6 4. g3 Bb4+ 5. Bd2 Be7 6. Bg2 c6 7. Bg5 d5 8. Nbd2
Nbd7 9. Rc1 Bb7 10. O-O O-O 11. a3 c5 12. cxd5 exd5 13. e3 Re8 14. Re1 a6 15.
Qc2 Rc8 16. Qf5 Nf8 17. Ne5 Rc7 18. Bxf6 Bxf6 19. Ng4 Be7 20. Nb1 Bc8 21. Qf3
Be6 22. Nc3 Rd7 23. Ne5 Rd6 24. Nd3 cxd4 25. exd4 Bf6 26. Qe3 Re7 27. Ne5 Rc7
28. h4 Ng6 29. Rcd1 Ne7 30. Qf4 Bxe5 31. Qxe5 Nc6 32. Qf4 h6 33. Rd3 Na5 34. Re2
Nc4 35. Kh2 g5 36. hxg5 hxg5 37. Qc1 Bf5 38. Rd1 Bg4 39. f3 Rh6+ 40. Kg1 Be6 41.
Rf2 Nd6 42. f4 Rg6 43. Qd2 Nc4 44. Qd3 gxf4 45. gxf4 Qh4 46. f5 Rg3 47. Qe2 Bd7
48. Nxd5 Ba4 49. Nxc7 Bxd1 50. Qe8+ Kh7 51. Qxf7+ Rg7 52. Qxc4 b5 53. Qd3 Rxc7
54. f6+ Kh8 55. f7 1-0

[Event "Saint Louis Masters 2026"]
[Site "Saint Louis USA"]
[Date "2026.02.26"]
[Round "3.30"]
[White "Kavutskiy, Kostya"]
[Black "Heimann, Mark"]
[Result "0-1"]
[WhiteTitle "IM"]
[BlackTitle "GM"]
[WhiteElo "2330"]
[BlackElo "2511"]
[WhiteFideId "2026384"]
[BlackFideId "2028441"]
[EventDate "2026.02.25"]

1. Nf3 d5 2. g3 Nf6 3. Bg2 e6 4. O-O c5 5. c4 d4 6. e3 Nc6 7. exd4 cxd4 8. d3
Nd7 9. b3 Bc5 10. Na3 O-O 11. Nc2 a5 12. a3 Be7 13. Rb1 e5 14. b4 axb4 15. axb4
Qc7 16. Re1 Re8 17. b5 Nd8 18. Nb4 Bxb4 19. Rxb4 Qd6 20. Rb1 Nc5 21. Nh4 f5 22.
Bd5+ Nf7 23. f4 Bd7 24. Nf3 Be6 25. fxe5 Qd8 26. Bxe6 Nxe6 27. Bd2 b6 28. Ra1
Qd7 29. Rxa8 Rxa8 30. Nh4 g6 31. Qf3 Ra2 32. Re2 Qe7 33. Ng2 Ra1+ 34. Kf2 Kg7
35. Nf4 Nfg5 36. Nxe6+ Nxe6 37. Qd5 f4 38. Kg2 g5 39. Rf2 Qf7 40. Qe4 Ra2 41. h4
gxh4 42. gxf4 Nc5 43. Qf3 Qf5 44. Kh2 Qxd3 45. Rg2+ Kf8 46. Qc6 Rxd2 47. Qd6+
Ke8 48. Qb8+ Kd7 49. Qd6+ Kc8 50. Qc6+ Kb8 51. Qxb6+ Nb7 52. Rxd2 Qxd2+ 53. Kh3
Qxf4 0-1

[Event "Saint Louis Masters 2026"]
[Site "Saint Louis USA"]
[Date "2026.02.26"]
[Round "3.31"]
[White "Yip, Carissa"]
[Black "Ostrovskiy, Aleksandr"]
[Result "0-1"]
[WhiteTitle "IM"]
[BlackTitle "IM"]
[WhiteElo "2466"]
[BlackElo "2367"]
[WhiteFideId "2090732"]
[BlackFideId "2034239"]
[EventDate "2026.02.25"]

1. e4 c6 2. d4 d5 3. e5 Bf5 4. h4 h5 5. c4 e6 6. Nc3 dxc4 7. Bxc4 Nd7 8. Nge2
Be7 9. g3 b5 10. Bb3 Qb6 11. Be3 Rd8 12. Qc1 c5 13. Bc2 Qb7 14. O-O b4 15. Na4
cxd4 16. Bxf5 dxe3 17. Bh3 exf2+ 18. Rxf2 Nxe5 19. Qf4 Qb8 20. Nd4 Nf6 21. Bxe6
Rxd4 22. Qxd4 fxe6 23. Re1 Neg4 24. Rf3 e5 25. Qc4 e4 26. Qc6+ Kf7 27. Qxe4 Re8
28. Qd5+ Kg6 29. Qd3+ Kh6 30. Re6 Rd8 31. Qc2 Rd7 32. Rd3 Rxd3 33. Qxd3 Qc7 34.
b3 a5 35. Kg2 Qb7+ 36. Qf3 Qd7 37. Re2 Bd8 38. Nc5 Qd5 39. Qxd5 Nxd5 40. Kf3 Nc3
41. Rd2 Bc7 42. Ne6 Bxg3 43. Rd8 Bxh4 44. Rh8+ Kg6 45. Nf4+ Kf5 46. Nxh5 Ne5+
47. Kg2 Bf6 48. Ra8 Nxa2 49. Rxa5 Nc3 50. Ra7 Ke4 51. Nxg7 Nd3 52. Ne6 Nf4+ 53.
Nxf4 Kxf4 54. Rf7 Ne4 55. Kf1 Ke3 56. Ke1 Kd3 57. Rc7 Bd4 58. Kd1 Nc5 59. Kc1
Kc3 60. Kb1 Kxb3 61. Rh7 Ne4 62. Rh4 Nc3+ 63. Ka1 Nb5+ 64. Kb1 Na3+ 65. Kc1 Be3+
66. Kd1 Kc3 67. Rxb4 Kxb4 68. Ke2 Nc4 69. Kd3 Kc5 70. Ke4 Bd4 71. Kf4 Kd5 72.
Kf5 Be5 73. Kg4 Ke6 74. Kf3 Kf5 75. Kf2 Ke4 76. Kg2 Bf4 77. Kf2 Ne5 78. Kg2 Ke3
79. Kg1 Kf3 80. Kh1 Ng4 81. Kg1 Nf2 82. Kf1 Bh2 83. Ke1 Ne4 84. Kd1 Ke3 85. Kc2
Nd2 86. Kc3 Bd6 87. Kc2 Bb4 88. Kd1 Kd3 89. Ke1 Bc5 90. Kd1 Bf2 91. Kc1 Nc4 92.
Kb1 Kc3 93. Ka2 Be3 94. Kb1 Kb3 95. Ka1 Bd2 0-1

[Event "Saint Louis Masters 2026"]
[Site "Saint Louis USA"]
[Date "2026.02.26"]
[Round "3.32"]
[White "Caglar, Sila"]
[Black "Narayanan, Samrug"]
[Result "1/2-1/2"]
[WhiteTitle "WIM"]
[BlackTitle "IM"]
[WhiteElo "2215"]
[BlackElo "2438"]
[WhiteFideId "6364063"]
[BlackFideId "30914051"]
[EventDate "2026.02.25"]

1. e4 e6 2. d4 d5 3. Nc3 Bb4 4. Ne2 Nc6 5. exd5 exd5 6. a3 Be7 7. Bf4 Be6 8. Ng3
Nf6 9. Be2 O-O 10. O-O Bd6 11. Qd2 Re8 12. Rfe1 a6 13. Bf3 Bxf4 14. Qxf4 Ne7 15.
Nh5 Nxh5 16. Bxh5 Ng6 17. Bxg6 hxg6 18. h4 Rc8 19. Re2 Qf6 20. Qxf6 gxf6 21.
Rae1 Red8 22. f3 Kg7 23. g3 Rd6 24. Rd2 Rh8 25. Nd1 Rdd8 26. Re3 g5 27. hxg5
fxg5 28. Rh2 Rxh2 29. Kxh2 b6 30. b4 Rc8 31. Rc3 Kf6 32. Ne3 Ke7 33. f4 gxf4 34.
gxf4 Kd6 35. Kg3 Rg8+ 36. Kf3 Rh8 37. f5 Bd7 38. Kg4 f6 39. Rd3 Be8 40. Kg3 Bh5
41. a4 Re8 42. Ng2 Rg8+ 43. Kf2 Be8 44. a5 bxa5 45. bxa5 Bd7 46. Rf3 Rb8 47. Ne3
Rb5 48. Rh3 c5 49. c3 cxd4 50. cxd4 Rxa5 51. Rh6 Ke7 52. Rh7+ Ke8 53. Rh8+ Ke7
54. Rh7+ Ke8 1/2-1/2

[Event "Saint Louis Masters 2026"]
[Site "Saint Louis USA"]
[Date "2026.02.26"]
[Round "3.33"]
[White "Rorrer, Grayson"]
[Black "Chirilov, James A"]
[Result "1-0"]
[WhiteTitle "IM"]
[BlackTitle "FM"]
[WhiteElo "2415"]
[BlackElo "2264"]
[WhiteFideId "30944996"]
[BlackFideId "30976677"]
[EventDate "2026.02.25"]

1. e4 c5 2. Nf3 e6 3. d4 cxd4 4. Nxd4 Nf6 5. Nc3 Nc6 6. Bf4 d6 7. Bb5 Bd7 8.
Nxc6 bxc6 9. Ba4 d5 10. a3 Qa5 11. O-O Nxe4 12. Nxe4 Qxa4 13. Nd6+ Bxd6 14. Bxd6
h5 15. Qd3 c5 16. Rae1 Qd4 17. Qg3 Qg4 18. Qe5 Rc8 19. c4 Qd4 20. Qg5 Qf6 21.
Qxd5 Qd4 22. Qxd4 cxd4 23. b3 h4 24. Rd1 h3 25. g3 f6 26. f4 Bc6 27. Rxd4 Kf7
28. Kf2 g5 29. fxg5 Bg2 30. Re1 e5 31. Rd2 Rh5 32. gxf6 Rf5+ 33. Kg1 Kxf6 34.
Rf2 e4 35. Rxf5+ Kxf5 36. Kf2 Ke6 37. Rd1 a5 38. c5 Rd8 39. Ke3 Rd7 40. Kd4 Rf7
41. b4 Rf3 42. Bf4 Rxa3 43. b5 Rb3 44. c6 Rd3+ 45. Rxd3 exd3 46. c7 Kd7 47. b6
a4 48. Kxd3 a3 49. Kc3 a2 50. Kb2 Bd5 51. b7 Bxb7 52. Kxa2 Kc6 53. g4 Kd5 54. g5
Bc8 55. g6 Be6 56. g7 Kc6+ 57. Kb2 Kd7 58. Kc3 1-0

[Event "Saint Louis Masters 2026"]
[Site "Saint Louis USA"]
[Date "2026.02.26"]
[Round "3.34"]
[White "Sargsyan, Anna M."]
[Black "Antova, Gabriela"]
[Result "1/2-1/2"]
[WhiteTitle "IM"]
[BlackTitle "FM"]
[WhiteElo "2372"]
[BlackElo "2168"]
[WhiteFideId "13308130"]
[BlackFideId "2915235"]
[EventDate "2026.02.25"]

1. e4 e5 2. Nf3 Nc6 3. Nc3 Nf6 4. a3 d5 5. Bb5 Nxe4 6. Qe2 Nxc3 7. Qxe5+ Qe7 8.
dxc3 Bd7 9. Qxe7+ Bxe7 10. Bf4 O-O-O 11. O-O-O Bg4 12. Rd3 f6 13. Bxc6 bxc6 14.
Nd4 Bd7 15. Nb3 Bf5 16. Re3 Bd6 17. Bxd6 cxd6 18. Rhe1 Bd7 19. Rg3 g5 20. Re7
Rde8 21. Rf7 Ref8 22. Re7 Re8 23. Rxe8+ Rxe8 24. Kd2 c5 25. Nc1 Bb5 26. Rh3 Re7
27. Rh6 Rf7 28. Nb3 Bf1 29. g3 Bg2 30. h4 Be4 31. Nc1 Kd7 32. Ne2 Ke7 33. b4 Bg6
34. hxg5 fxg5 35. f4 Kf6 36. b5 a6 37. c4 dxc4 38. Nc3 Kf5 39. bxa6 Ra7 40. Ke3
Rxa6 41. a4 gxf4+ 42. gxf4 Ke6 43. Kf3 Kf7 44. Rh2 h5 45. Rd2 Ke6 46. Nb5 Ke7
47. Nc3 Ke6 48. Nb5 Ke7 49. Nc3 Be8 50. f5 Bxa4 51. Kf4 Bc6 52. Re2+ Kf7 53. Re6
Ra3 54. Rxd6 Rxc3 1/2-1/2

[Event "Saint Louis Masters 2026"]
[Site "Saint Louis USA"]
[Date "2026.02.26"]
[Round "4.1"]
[White "Hardaway, Brewington"]
[Black "Caruana, Fabiano"]
[Result "0-1"]
[WhiteTitle "GM"]
[BlackTitle "GM"]
[WhiteElo "2544"]
[BlackElo "2795"]
[WhiteFideId "30941849"]
[BlackFideId "2020009"]
[EventDate "2026.02.25"]

1. e4 c5 2. Nf3 Nc6 3. Bb5 e6 4. Bxc6 bxc6 5. d3 Qc7 6. e5 f6 7. Bf4 Ne7 8. O-O
h5 9. Bg3 fxe5 10. Bxe5 d6 11. Bf4 Ng6 12. Bg5 h4 13. h3 e5 14. Qe2 Be7 15. Qe4
Kf7 16. Bxe7 Qxe7 17. Nbd2 Bd7 18. c3 Rab8 19. Nc4 Rh6 20. Rfe1 Kg8 21. Ne3 Rf8
22. Ng4 Bxg4 23. hxg4 Nf4 24. Qxc6 Rg6 25. g5 Qe6 26. Kh2 Nxg2 27. Rxe5 dxe5 28.
Qxe6+ Rxe6 29. Kxg2 e4 30. dxe4 Rxe4 31. Rd1 Ref4 32. Rd3 Kh7 33. b3 Kg6 34. a3
a5 35. Ne5+ Kh5 36. f3 Re8 37. Ng4 Re2+ 38. Kh3 a4 39. c4 axb3 40. Rxb3 Rxc4 0-1

[Event "Saint Louis Masters 2026"]
[Site "Saint Louis USA"]
[Date "2026.02.26"]
[Round "4.2"]
[White "Durarbayli, Vasif"]
[Black "Sonis, Francesco"]
[Result "1-0"]
[WhiteTitle "GM"]
[BlackTitle "GM"]
[WhiteElo "2612"]
[BlackElo "2561"]
[WhiteFideId "13402935"]
[BlackFideId "895733"]
[EventDate "2026.02.25"]

1. e4 c5 2. Nf3 d6 3. d4 cxd4 4. Nxd4 Nf6 5. Nc3 a6 6. Bg5 e6 7. f3 Be7 8. Qd2
b5 9. O-O-O b4 10. Nce2 Qa5 11. Nb3 Qa4 12. Kb1 Nbd7 13. g4 Bb7 14. h4 Rc8 15.
Ng3 Ne5 16. Be2 Nc4 17. Bxc4 Rxc4 18. Nh5 Kd7 19. Nxg7 Kc8 20. Nh5 Nxe4 21. Qe2
Nc3+ 22. bxc3 bxc3 23. Bxe7 Bd5 24. Bxd6 Rd8 25. Be7 Rd7 26. Nf6 Rxe7 27. Nxd5
Rb7 28. Ne3 Rc5 29. Qd3 Kb8 30. Qd6+ 1-0